000 00484nam a2200193Ia 4500
999 _c30036
_d30036
003 0100
005 20181109124324.0
008 130303s9999 xx 000 0 und d
020 _a0195701976
040 _cARRUPELIB
050 _aPR9369.3.F8B6 1980
100 _aFugard, Athol
_910795
245 _aBoesman and Lena and other plays
_bthe blood knot people are living there hello and goodbye Boesman and Lena
_cAthol Fugard
260 _bOxford University Press
_aCape town
_c1980
300 _a299p.
_c 20cm.
650 _bBalthasar, Hans Urs Von -- Bibliography
_943347
942 _2lcc
_cMONOGRAPH